| 000 | 00853cam a2200265 a 4500 | ||
|---|---|---|---|
| 999 |
_c5250 _d5250 |
||
| 003 | OSt | ||
| 005 | 20220406063405.0 | ||
| 008 | 810304s1981 mou b 001 0 eng | ||
| 020 | _a0801644488 | ||
| 040 | _cALUPE UNIVERSITY | ||
| 050 | 0 | 0 |
_aRC271 _b.S44 1981 |
| 060 | _aQZ 267 S451m | ||
| 100 | 2 |
_aSee-Lasley, Kay, _d1948- |
|
| 245 | 1 | 0 |
_aManual of oncology therapeutics / _cKay See-Lasley, Robert J. Ignoffo. |
| 260 |
_aSt. Louis : _bC.V. Mosby Co., _cc1981. |
||
| 300 |
_axviii, 457 p. ; _c24 cm. |
||
| 504 | _aIncludes bibliographical references and index. | ||
| 650 | 0 |
_aCancer _xChemotherapy. |
|
| 650 | 0 | _aAntineoplastic agents. | |
| 650 | 2 |
_aAntineoplastic agents _xTherapeutic use. |
|
| 650 | 2 |
_aNeoplasms _xDrug therapy. |
|
| 700 | 1 |
_aIgnoffo, Robert J., _d1944- |
|
| 906 |
_a7 _bcbc _corignew _d1 _eocip _f19 _gy-gencatlg |
||
| 942 |
_2lcc _cBK |
||